Responses for show #6953 - Wednesday, December 3, 2014

2014 Kids Week game 3.

Contestants

Jake McCrory, an 11-year-old from Pueblo, Colorado

Gabby Fusco, an 11-year-old from Maspeth, New York

Grace Acton, from Harvard, Massachusetts

Jeopardy! Round responses

THE BIBLE
MOVIES
ETIQUETTE
TRANSPORTATION PHRASES
CALIFORNIA
GAMES
    $200 11
seven

Gabby
    $200 8
(Gabby: What is [*]--)
(Alex: Y--.)
(Gabby: --2.)
(Alex: Yes.)

How to Train Your Dragon

Gabby
    $200 17
please

Jake
    $200 16
the metal

Jake
    $200 23
Sacramento

Jake
    $200 1
Munchkin

Triple Stumper
    $400 12
John & Luke

Jake
    $400 9
Maleficent

Jake
    $400 18
the knife

Jake
    $400 22
(Alex: I'm sure you've heard the term a "[*] driver". Not very popular.)

backseat

Triple Stumper
    $400 25
the T. rex (Tyrannosaurus rex)

Grace
    $400 2
Zombies

Jake
    $600 13
frogs

Jake
    $600 10
X-Men

Jake
    $600 19
shaking someone's hand

Jake
    $600 24
(Jake: What is Star Trek?)
...
(Alex: Less than a minute to go now, Grace.)

Scotty

GraceJake
    $600 26
(Alex: [*], from Los Angeles, yes.)

angels

Gabby
    $600 3
(Jake: What is karate?)

math

Jake
Triple Stumper
    $800 14
Solomon

Triple Stumper
    $800 7
Planes

Grace
    $800 20
(Gabby: What is an iPhone?)
(Jake: What is a cell phone?)

an iPad

GabbyJake
Triple Stumper
    $800 27
the San Andreas Fault

Jake
    $800 4
Marco Polo

Jake
    $500 15
(Jake: What... are hymns?)

psalms

Jake
    $1000 6
India

Jake
    $1000 21
a toast

Grace
    $1000 28
(Jake: What is Death Valley?)
[The end-of-round signal sounds.]

Yosemite

Jake
Triple Stumper
    $1000 5
Catan

Jake

Scores at the first commercial break (after clue 15):

Grace Gabby Jake
$800 $400 $4,100

Scores at the end of the Jeopardy! Round:

Grace Gabby Jake
$2,800 $200 $4,100

Double Jeopardy! Round responses

AMERICAN HISTORY
MAKING YOU WATCH TELEVISION
AROUND THE BODY
COLORFUL BOOK TITLES
FROZEN
LET IT "GO"
(Alex: Those two letters will either begin or end each correct response.)
    $400 5
slavery

Jake
    $400 3
The Voice

Grace
    $400 1
the spinal cord

Jake
    $400 11
green eggs

Jake
    $400 8
(Grace: What is an Icee?)

a Slurpee

GraceGabby
    $400 18
Chicago

Jake
    $800 6
Jimmy Carter

Jake
    $800 4
The Thundermans

Jake
    $800 7
teeth

Jake
    $800 12
a horse

Jake
    $800 9
Niagara Falls

Grace
    $800 20
a go-kart

Grace
    $1200 2
(Gabby: What is Massachusetts?)
(Jake: What is the Massachusetts Bay Colony?)

Plymouth

GraceGabbyJake
    $1200 22
Wipeout

Grace
    $1200 17
the epidermis

Triple Stumper
    $1200 13
Narnia

Gabby
    $1200 10
Hans Christian Andersen

Grace
    $1,000 21
(Alex: Grace?)
(Grace: [shrugs])

an archipelago

Grace
    $1600 29
the Alamo

Jake
    $1600 23
Wild Kratts

Jake
    $1600 25
(Jake: What are veins?)
...
(Alex: You are right, with less than a minute to go.)

arteries

GabbyJake
    $1600 14
the blue dolphins

Grace
    $1,000 15
comets

Grace
    $1600 27
(Gabby: What is a camper?)
(Jake: What is... a mountain R.V.?)

a Winnebago

GabbyJake
Triple Stumper
    $2000 30
(Alex: You are right again, and that takes you up to $9,700. And we have bad news for you, Gabby; because you are in a negative situation, it means you won't be around for Final Jeopardy!, but you'll automatically pick up $1,000 for a third place finish.)

Colorado

Jake
    $2000 24
Red Band Society

Triple Stumper
    $2000 26
marrow

Grace
    $2000 19
(Gabby: What is Labrador?)
(Jake: What is Nova Scotia?)
(Grace: What is Newfoundland?)

Prince Edward Island

GraceGabbyJake
Triple Stumper
    $2000 16
the Andes mountains

Jake
    $2000 28
vertigo

Grace

Scores at the end of the Double Jeopardy! Round:

Grace Gabby Jake
$11,600 -$1,400 $9,700

[wagering suggestions for these scores]

Final Jeopardy! Round responses

U.S. GEOGRAPHY
(Alex: [To Jake] San Juan has a population only about half of that 650,000 we talked about.)
JakeWhat is San Juan?
$5,101
GraceWhat is San Juan, Puerto Rico
$5,000
Washington, D.C.

Final scores:

Grace Gabby Jake
$6,600 -$1,400 $4,599
Winner: $15,000 3rd place: $1,000 2nd place: $2,000

Game dynamics:

Coryat scores:

Grace Gabby Jake
$13,200 -$1,400 $10,200
14 R
(including 1 DD),
3 W
(including 1 DD)
6 R,
4 W
26 R,
9 W
(including 1 DD)

Combined Coryat: $22,000

The J! Archive is created by fans, for fans. The Jeopardy! game show and all elements thereof, including but not limited to copyright and trademark thereto, are the property of Jeopardy Productions, Inc. and are protected under law. This website is not affiliated with, sponsored by, or operated by Jeopardy Productions, Inc. Join the discussion at JBoard.tv.